000 01714nam a22003017a 4500
005 20120206110714.0
010 _aB-452510-514
020 _a8180280217
_c595.00
020 _a9788180280214
_c595.00
035 _a452510-514
037 _bVirtuous Pub/Ven
082 _a338.10954
100 _aDaniel
_942017
245 _aLand and labour in India /
_cby Daniel and Alice Thorner
260 _aNew Delhi
_bChronicle Books
_c2005
270 _aS-7 & 8,Green Park Main Market,
_bNew Delhi
_e110016
300 _axi,251p.
_c22cm(Hb)
490 _aChronical classics series
_942018
500 _aIncludes index
700 _aThorner,Alice
_940856
942 _2ddc
_cEN
_mDAN
_h338.10954
999 _c62012
_d62012